000 00651nam a2200217 u 4500
005 20240228064315.0
008 171013s2007 ea r 000 0 spa d
020 _a1404272429
035 _aUPN01000220943
049 _aI
050 4 _aPZ7
_bG4.7
100 1 _aGeorge, Lynn
_933673
245 1 3 _aUn sandwich gigante /
_cLynn George ; tr. María Cristina Brusca.
260 _aNew York :
_bRosen Classroom Books & Materials,
_cc2007.
300 _a16 p. :
_bil. col.
440 0 _aLecturas del barrio.
_pProcedimiento
650 4 _aLibros y lectura para niños
_92290
650 2 _aConvivencia
_99111
905 _aInfantil
999 _c193042
_d193042